000 00525nam a2200169Ia 4500
008 090201s9999 xx 000 0 und d
010 _aKPL-33421
040 _bमराठी
041 _aमराठी
082 _a42164
_b33421
100 _aगोविंद केळकर
245 _aदुभंग
_cगोविंद केळकर
260 _c2004
_bराजेंद्र पब्लीशींग हाऊस
300 _a204
_bमोठा
600 _aदुभंग
942 _cBOOK
999 _c239321
_d239321